Regional science and urban economics.

Bibliographic Details
Previous Title:Regional and urban economics
Format: Journal
Language:English
Published: [Amsterdam] : North-Holland.
Subjects:
Online Availability: Check for online availability

MARC

Tag First Indicator Second Indicator Subfields
LEADER 00000cas a2200000 4500
001 in00000758024
005 20151017053449.0
008 750515c19759999ne brzp o 0 a0eng d
010 |a  79642436  
012 |a 4  |b 3  |k 1  |m 0 
019 |a 2252278  |a 1316369 
022 0 |a 0166-0462  |9 0034-3331 
030 |a RSUEDM 
035 |a (OCoLC)ocm01334639 
035 |a (OCoLC)01334639 
035 |9 ADL4790AM 
040 |a AGL  |c AGL  |d YUS  |d FUG  |d DLC  |d NST  |d NSD  |d NST  |d AIP  |d NST  |d AIP  |d NST  |d AIP  |d OCL  |d NST  |d NSD  |d NST  |d CAS  |d NSD  |d OCL  |d NSD  |d CUS  |d IUL  |d UtOrBLW 
042 |a lc  |a nsdp 
049 |a TXAM 
050 0 0 |a HB9  |b .R33 
070 |a HB1.R4 
082 0 0 |a 330/.01/51 
210 0 |a Reg. sci. urban econ. 
222 0 |a Regional science and urban economics 
245 0 0 |a Regional science and urban economics. 
264 1 |a [Amsterdam] :  |b North-Holland. 
300 |a volumes :  |b illustrations ;  |c 24 cm. 
310 |a Bimonthly,  |b <Apr. 1994-> 
321 |a Quarterly,  |b Feb. 1975- 
336 |a text  |b txt  |2 rdacontent 
337 |a unmediated  |b n  |2 rdamedia 
338 |a volume  |b nc  |2 rdacarrier 
362 0 |a v. 5- Feb. 1975- 
500 |a Table of contents and abstracts can be found on the World Wide Web. 
510 1 |a ABI/INFORM  |b Feb. 1981- 
510 1 |a Management contents  |b 1975- 
510 2 |a ABC pol sci  |x 0001-0456  |b 1991-present 
510 2 |a Coal abstracts  |x 0309-4979 
510 2 |a Energy research abstracts  |b Mar. 1981-  |x 0160-3604 
510 2 |a Index of economic articles in journals and collective volumes  |x 0536-647X 
510 2 |a Public Affairs Information Service bulletin  |x 0033-3409 
510 2 |a Social welfare, social planning/policy & social development  |x 0195-7988 
510 2 |a Sociological abstracts  |x 0038-0202 
530 |a Available also by subscription via the World Wide Web. 
650 0 |a Regional planning  |v Periodicals. 
650 0 |a Urban economics  |v Periodicals. 
650 0 |a Economics  |v Periodicals. 
780 0 0 |t Regional and urban economics  |x 0034-3331  |w (DLC) 72624414  |w (OCoLC)1780340 
850 |a CU-Riv  |a DLC  |a FMU  |a FU  |a GEU  |a LU  |a MChB  |a MH-KG  |a MH-PA  |a MWH  |a NCH  |a PPT  |a TxArU  |a UPB  |a VtU 
936 |a Apr. 1994 
948 |a MFHD URL added  |b h  |c 2002/10/4  |d c  |e rstovall5  |f 4:54:43 pm 
994 |a E0  |b TXA 
999 |a MARS 
999 f f |s 03e866a0-a3a7-30a1-b9e8-968b2bcd7991  |i 5bdc017d-f77b-374c-9807-cc0c1ad860cb  |t 0 
952 f f |p ric  |a Texas A&M University  |b Rellis Campus  |c Joint Library Facility  |d Remote Storage  |t 0  |e HB1 .R34  |h Library of Congress classification  |i unmediated -- volume  |k v.22  |l 1992  |m A14817169799 
952 f f |p ric  |a Texas A&M University  |b Rellis Campus  |c Joint Library Facility  |d Remote Storage  |t 0  |e HB1 .R34  |h Library of Congress classification  |i unmediated -- volume  |k v.30  |l 2000  |m A14828593074 
952 f f |p ric  |a Texas A&M University  |b Rellis Campus  |c Joint Library Facility  |d Remote Storage  |t 0  |e HB1 .R34  |h Library of Congress classification  |i unmediated -- volume  |k v.18  |l 1988  |m A14811847755 
952 f f |p ric  |a Texas A&M University  |b Rellis Campus  |c Joint Library Facility  |d Remote Storage  |t 0  |e HB1 .R34  |h Library of Congress classification  |i unmediated -- volume  |k v.19  |l 1989  |m A14812884352 
952 f f |p ric  |a Texas A&M University  |b Rellis Campus  |c Joint Library Facility  |d Remote Storage  |t 0  |e HB1 .R34  |h Library of Congress classification  |i unmediated -- volume  |k v.27  |l 1997  |m A14822041809 
952 f f |p ric  |a Texas A&M University  |b Rellis Campus  |c Joint Library Facility  |d Remote Storage  |t 0  |e HB1 .R34  |h Library of Congress classification  |i unmediated -- volume  |k v.10:no.1-4  |l 1980:Mar.-Nov.  |m A14827485943 
952 f f |p ric  |a Texas A&M University  |b Rellis Campus  |c Joint Library Facility  |d Remote Storage  |t 0  |e HB1 .R34  |h Library of Congress classification  |i unmediated -- volume  |k v.17  |l 1987  |m A14811408713 
952 f f |p ric  |a Texas A&M University  |b Rellis Campus  |c Joint Library Facility  |d Remote Storage  |t 0  |e HB1 .R34  |h Library of Congress classification  |i unmediated -- volume  |k v.23  |l 1993  |m A14818429312 
952 f f |p ric  |a Texas A&M University  |b Rellis Campus  |c Joint Library Facility  |d Remote Storage  |t 0  |e HB1 .R34  |h Library of Congress classification  |i unmediated -- volume  |k v.21  |l 1991  |m A14816062295 
952 f f |p ric  |a Texas A&M University  |b Rellis Campus  |c Joint Library Facility  |d Remote Storage  |t 0  |e HB1 .R34  |h Library of Congress classification  |i unmediated -- volume  |k v.14  |l 1984  |m A14838477686 
952 f f |p ric  |a Texas A&M University  |b Rellis Campus  |c Joint Library Facility  |d Remote Storage  |t 0  |e HB1 .R34  |h Library of Congress classification  |i unmediated -- volume  |k v.29  |l 1999  |m A14826819173 
952 f f |p ric  |a Texas A&M University  |b Rellis Campus  |c Joint Library Facility  |d Remote Storage  |t 0  |e HB1 .R34  |h Library of Congress classification  |i unmediated -- volume  |k v.16  |l 1986  |m A14838477725 
952 f f |p ric  |a Texas A&M University  |b Rellis Campus  |c Joint Library Facility  |d Remote Storage  |t 0  |e HB1 .R34  |h Library of Congress classification  |i unmediated -- volume  |k v.20  |l 1990  |m A14814354387 
952 f f |p ric  |a Texas A&M University  |b Rellis Campus  |c Joint Library Facility  |d Remote Storage  |t 0  |e HB1 .R34  |h Library of Congress classification  |i unmediated -- volume  |k v.11  |l 1981  |m A14838477644 
952 f f |p ric  |a Texas A&M University  |b Rellis Campus  |c Joint Library Facility  |d Remote Storage  |t 0  |e HB1 .R34  |h Library of Congress classification  |i unmediated -- volume  |k v.28  |l 1998  |m A14825393108 
952 f f |p ric  |a Texas A&M University  |b Rellis Campus  |c Joint Library Facility  |d Remote Storage  |t 0  |e HB1 .R34  |h Library of Congress classification  |i unmediated -- volume  |k v.32  |l 2002  |m A14830200645 
952 f f |p ric  |a Texas A&M University  |b Rellis Campus  |c Joint Library Facility  |d Remote Storage  |t 0  |e HB1 .R34  |h Library of Congress classification  |i unmediated -- volume  |k v.12  |l 1982  |m A14816643059 
952 f f |p ric  |a Texas A&M University  |b Rellis Campus  |c Joint Library Facility  |d Remote Storage  |t 0  |e HB1 .R34  |h Library of Congress classification  |i unmediated -- volume  |k v.24  |l 1994  |m A14819043525 
952 f f |p ric  |a Texas A&M University  |b Rellis Campus  |c Joint Library Facility  |d Remote Storage  |t 0  |e HB1 .R34  |h Library of Congress classification  |i unmediated -- volume  |k v.31  |l 2001  |m A14828593113 
952 f f |p ric  |a Texas A&M University  |b Rellis Campus  |c Joint Library Facility  |d Remote Storage  |t 0  |e HB1 .R34  |h Library of Congress classification  |i unmediated -- volume  |k v.15  |l 1985  |m A14818740108 
952 f f |p ric  |a Texas A&M University  |b Rellis Campus  |c Joint Library Facility  |d Remote Storage  |t 0  |e HB1 .R34  |h Library of Congress classification  |i unmediated -- volume  |k v.25  |l 1995  |m A14819995586 
952 f f |p ric  |a Texas A&M University  |b Rellis Campus  |c Joint Library Facility  |d Remote Storage  |t 0  |e HB1 .R34  |h Library of Congress classification  |i unmediated -- volume  |k v.9  |l 1979  |m A14838477848 
952 f f |p ric  |a Texas A&M University  |b Rellis Campus  |c Joint Library Facility  |d Remote Storage  |t 0  |e HB1 .R34  |h Library of Congress classification  |i unmediated -- volume  |k v.26  |l 1996  |m A14821521181 
952 f f |p ric  |a Texas A&M University  |b Rellis Campus  |c Joint Library Facility  |d Remote Storage  |t 0  |e HB1 .R34  |h Library of Congress classification  |i unmediated -- volume  |k v.13  |l 1983  |m A14813896603 
998 f f |a HB1 .R34  |s v.9-32 (1979-2002)  |t 0  |l Remote Storage